Statistics for Top 10 German PL appearance makers

Click here to take the quiz!

General Stats

  • This quiz has been taken 15 times
  • The average score is 4 of 10

Answer Stats

AppsAnswer% Correct
115Ozil
77%
268Hamann
69%
105Ballack
62%
148Lehmann
46%
149Mertesacker
46%
322Huth
38%
117Hitzlsperger
15%
116Freund
8%
103Rosler
8%
125Volz
8%

Score Distribution

Percentile by Number Answered

Percent of People with Each Score

Your Score History

You have not taken this quiz